[Event "2 Bundesliga West 2007/2008"]
[Site "Jenbach"]
[Date "2007.11.16"]
[Round "3"]
[Board "5"]
[White "LOeffler, Christoph"]
[Black "Mittelberger, Peter"]
[Result "1-0"]
[WhiteElo "2172"]
[BlackElo "2232"]
[PlyCount "45"]
[EventDate "2007.10.06"]
[EventType "team"]
[EventRounds "11"]
[EventCountry "AUT"]
[WhiteTeam "ASK Salzburg"]
[BlackTeam "WOergl"]

1.e4 d6 2.Nc3 g6 3.Bc4 Bg7 4.f4 c6 5.Bb3 e6 6.Nf3 a5 7.a4 Na6 8.d4 Ne7 9.O-O O-O
10.Be3 d5 11.e5 b6 12.Bf2 c5 13.Nb5 cxd4 14.Bh4 Nc5 15.Nfxd4 Qd7 16.Rf3 Ne4
17.c3 Ba6 18.Bc2 Bxb5 19.axb5 Nf5 20.Nxf5 gxf5 21.Bxe4 fxe4 22.Rg3 Kh8 23.Rxg7

[Event "2 Bundesliga West 2007/2008"]
[Site "Jenbach"]
[Date "2007.11.16"]
[Round "3"]
[Board "6"]
[White "Meier, Alexander"]
[Black "Scheiblmaier, Robert"]
[Result "1/2-1/2"]
[WhiteElo "2142"]
[BlackElo "2135"]
[PlyCount "23"]
[EventDate "2007.10.06"]
[EventType "team"]
[EventRounds "11"]
[EventCountry "AUT"]
[WhiteTeam "WOergl"]
[BlackTeam "ASK Salzburg"]

1.e4 e6 2.d4 d5 3.exd5 exd5 4.Nc3 Bb4 5.Bd3 Nc6 6.Nge2 Nge7 7.O-O Bg4 8.f3 Bh5
9.Bf4 Bxc3 10.bxc3 O-O 11.Rb1 Na5 12.Ng3

[Event "2 Bundesliga West 2007/2008"]
[Site "Jenbach"]
[Date "2007.11.16"]
[Round "3"]
[Board "1"]
[White "Lehner, Oliver"]
[Black "Drabke, Lorenz"]
[Result "0-1"]
[WhiteElo "2419"]
[BlackElo "2425"]
[PlyCount "100"]
[EventDate "2007.10.06"]
[EventType "team"]
[EventRounds "11"]
[EventCountry "AUT"]
[WhiteTeam "Sparkasse Jenbach"]
[BlackTeam "Hohenems II"]

1.e4 c5 2.Nf3 e6 3.Nc3 a6 4.d4 cxd4 5.Nxd4 Qc7 6.Bd3 Nf6 7.Qe2 Bd6 8.Bd2 Nc6
9.Nxc6 dxc6 10.Nd1 O-O 11.Ne3 b5 12.c4 Be5 13.Rd1 Rd8 14.b3 Bb7 15.g3 c5 16.f3
Bxg3+ 17.hxg3 Qxg3+ 18.Qf2 Qxf2+ 19.Kxf2 Rxd3 20.Ba5 Rxd1 21.Rxd1 Bc6 22.Bc7 Rc8
23.Bd6 h5 24.Kg3 Bb7 25.Be7 Ne8 26.Rd7 Bc6 27.Ra7 Rc7 28.Rxc7 Nxc7 29.Bxc5 f6
30.e5 Kf7 31.f4 fxe5 32.fxe5 g5 33.Nc2 bxc4 34.bxc4 Be4 35.Nd4 Ne8 36.Bb4 Ng7
37.Bd2 Kg6 38.Kh3 h4 39.Kg4 Nf5 40.Nb3 Nh6+ 41.Kh3 Kh5 42.Nc5 g4+ 43.Kh2 g3+
44.Kg1 Bf3 45.Nxe6 Kg4 46.Ng5 Ba8 47.e6 Nf5 48.Nh7 h3 49.Nf6+ Kf3 50.Nd5 h2+

[Event "2 Bundesliga West 2007/2008"]
[Site "Jenbach"]
[Date "2007.11.16"]
[Round "3"]
[Board "2"]
[White "Amann, Guenter"]
[Black "Schlosser, Philipp"]
[Result "0-1"]
[WhiteElo "2322"]
[BlackElo "2564"]
[PlyCount "86"]
[EventDate "2007.10.06"]
[EventType "team"]
[EventRounds "11"]
[EventCountry "AUT"]
[WhiteTeam "Hohenems II"]
[BlackTeam "Sparkasse Jenbach"]

1.d4 Nf6 2.Nf3 e6 3.c4 d5 4.Nc3 c6 5.e3 Nbd7 6.Bd3 dxc4 7.Bxc4 b5 8.Bd3 Bb7 9.e4
b4 10.Na4 c5 11.e5 Nd5 12.O-O h6 13.Bd2 Rc8 14.Qe2 Qa5 15.Nxc5 Nxc5 16.dxc5 Bxc5
17.a3 Qb6 18.axb4 Nxb4 19.Bxb4 Bxb4 20.Be4 a5 21.Bxb7 Qxb7 22.Rac1 O-O 23.Nd2
Rfd8 24.Nc4 a4 25.Rfd1 Qb5 26.Rxd8+ Rxd8 27.Qe4 Bc5 28.g3 Rd4 29.Qa8+ Kh7 30.Qf3
Qd7 31.Ne3 Bb4 32.Rc4 Bd2 33.Rc2 Bxe3 34.Qxe3 Qd5 35.Re2 g5 36.h3 Kg6 37.Re1 h5
38.Qc3 h4 39.Qe3 Rd3 40.Qe2 hxg3 41.fxg3 Rxg3+ 42.Kh2 Rd3 43.Qc2 Qf3

[Event "2 Bundesliga West 2007/2008"]
[Site "Jenbach"]
[Date "2007.11.16"]
[Round "3"]
[Board "3"]
[White "BOensch, Uwe"]
[Black "Grabher, Heinz"]
[Result "1-0"]
[WhiteElo "2530"]
[BlackElo "2258"]
[PlyCount "85"]
[EventDate "2007.10.06"]
[EventType "team"]
[EventRounds "11"]
[EventCountry "AUT"]
[WhiteTeam "Sparkasse Jenbach"]
[BlackTeam "Hohenems II"]

1.d4 Nf6 2.c4 e6 3.Nf3 d5 4.Nc3 Bb4 5.Qa4+ Nc6 6.Ne5 Bd7 7.Nxd7 Qxd7 8.e3 O-O
9.Bd2 a6 10.Qc2 dxc4 11.Bxc4 e5 12.d5 Ne7 13.O-O Bd6 14.Bb3 Qg4 15.f3 Qh4 16.Be1
Qh6 17.e4 Nh5 18.g3 f5 19.Qg2 fxe4 20.Nxe4 Nf6 21.Bd2 Qg6 22.Nxd6 cxd6 23.f4 e4
24.Rfe1 Kh8 25.Rad1 Rad8 26.Bc3 Neg8 27.Bc2 Rfe8 28.Rd4 Qh5 29.Bxe4 Nxe4
30.Rdxe4 Rxe4 31.Qxe4 Rd7 32.Qe6 Rd8 33.Ba5 Rf8 34.Bc3 Rd8 35.h3 h6 36.Kg2 Kh7
37.g4 Qg6 38.f5 Qg5 39.Qf7 Rc8 40.Re2 h5 41.Bd2 Qh4 42.Qg6+ Kh8 43.Bg5

[Event "2 Bundesliga West 2007/2008"]
[Site "Jenbach"]
[Date "2007.11.16"]
[Round "3"]
[Board "4"]
[White "Burschowsky, Matthias"]
[Black "Reich, Thomas"]
[Result "0-1"]
[WhiteElo "2208"]
[BlackElo "2430"]
[PlyCount "84"]
[EventDate "2007.10.06"]
[EventType "team"]
[EventRounds "11"]
[EventCountry "AUT"]
[WhiteTeam "Hohenems II"]
[BlackTeam "Sparkasse Jenbach"]

1.Nf3 Nf6 2.c4 g6 3.g3 Bg7 4.Bg2 O-O 5.O-O d6 6.Nc3 Nc6 7.d3 Bf5 8.Rb1 Qd7 9.b4
Bh3 10.b5 Nd8 11.Ng5 Bxg2 12.Kxg2 h6 13.Nge4 Nxe4 14.Nxe4 f5 15.Nd2 e5 16.e3 f4
17.exf4 exf4 18.Nf3 Ne6 19.Bb2 Rf7 20.Bxg7 Nxg7 21.d4 Raf8 22.Qd3 Nf5 23.Rbe1 g5
24.h3 Ng7 25.g4 Rf6 26.d5 h5 27.Nxg5 Rh6 28.f3 Qd8 29.Ne4 Qh4 30.Rh1 Rg6 31.Reg1
Nf5 32.Kf1 Ne3+ 33.Ke2 Rg7 34.g5 Nf5 35.Nf6+ Rxf6 36.gxf6 Ng3+ 37.Rxg3 Qxg3
38.Rf1 Rg5 39.Qd4 Re5+ 40.Kd1 Kf7 41.c5 Qxh3 42.Rf2 Qf5

[Event "2 Bundesliga West 2007/2008"]
[Site "Jenbach"]
[Date "2007.11.16"]
[Round "3"]
[Board "5"]
[White "Kleissl, Helmut"]
[Black "Baldauf, Marco"]
[Result "1/2-1/2"]
[WhiteElo "2302"]
[BlackElo "2236"]
[PlyCount "71"]
[EventDate "2007.10.06"]
[EventType "team"]
[EventRounds "11"]
[EventCountry "AUT"]
[WhiteTeam "Sparkasse Jenbach"]
[BlackTeam "Hohenems II"]

1.Nf3 Nf6 2.c4 g6 3.Nc3 Bg7 4.e4 d6 5.d4 O-O 6.h3 c5 7.d5 e6 8.Bd3 Na6 9.O-O Nc7
10.a4 Na6 11.Bf4 Nb4 12.Bb1 Nh5 13.Bg5 Bf6 14.Bh6 Re8 15.Qd2 e5 16.Ne2 Bg7
17.Bxg7 Kxg7 18.g4 Nf6 19.Kh2 a6 20.Kg2 Qe7 21.Nh2 b6 22.Ng3 Ra7 23.Ra3 Nd7
24.h4 h6 25.h5 Qg5 26.Qxg5 hxg5 27.Nf3 Kf6 28.hxg6 fxg6 29.Ne2 Rh8 30.Rh1 Rxh1
31.Kxh1 Nf8 32.Nh2 Rf7 33.Kg2 Bd7 34.Nc3 a5 35.Kg3 Nh7 36.Nd1

[Event "2 Bundesliga West 2007/2008"]
[Site "Jenbach"]
[Date "2007.11.16"]
[Round "3"]
[Board "6"]
[White "Sandholzer, Robert"]
[Black "HOellrigl, Wilfried"]
[Result "0-1"]
[WhiteElo "2108"]
[BlackElo "2240"]
[PlyCount "122"]
[EventDate "2007.10.06"]
[EventType "team"]
[EventRounds "11"]
[EventCountry "AUT"]
[WhiteTeam "Hohenems II"]
[BlackTeam "Sparkasse Jenbach"]

1.e4 c5 2.Nf3 Nc6 3.Bb5 g6 4.O-O Bg7 5.c3 Nf6 6.Re1 O-O 7.d4 d5 8.exd5 Qxd5 9.c4
Qd6 10.Bxc6 bxc6 11.dxc5 Qxd1 12.Rxd1 Ne4 13.Nbd2 Nxc5 14.Nb3 Na4 15.Na5 Nxb2
16.Bxb2 Bxb2 17.Rab1 Bf6 18.Nxc6 Ba6 19.Rd7 Bxc4 20.Nxe7+ Kg7 21.Rbb7 Be6
22.Rdc7 Rfd8 23.h3 a5 24.a4 Rd1+ 25.Kh2 Ra1 26.Rb6 Kf8 27.Nc6 Rxa4 28.Nfe5 Bxe5+
29.Nxe5 Re8 30.Rbb7 Rf4 31.Kg3 Rf5 32.Nd7+ Bxd7 33.Rxd7 Re2 34.f3 Kg7 35.Ra7 Ra2
36.Rd4 Rg5+ 37.Rg4 Rxg4+ 38.fxg4 h6 39.Ra6 a4 40.Kf3 a3 41.Kf4 Ra1 42.Kg3 Kf8
43.Ra7 Ke8 44.Kf2 f6 45.Kg3 Kd8 46.Kh2 Kc8 47.h4 Kb8 48.Ra4 Kb7 49.Kg3 Kb6 50.g5
fxg5 51.hxg5 h5 52.Ra8 Kb5 53.Rb8+ Kc4 54.Rc8+ Kb3 55.Rb8+ Ka2 56.Rb6 Rb1
57.Rxg6 Rb4 58.Kf3 Kb2 59.Re6 a2 60.Re2+ Ka3 61.Re3+ Rb3

[Event "2 Bundesliga West 2007/2008"]
[Site "Jenbach"]
[Date "2007.11.16"]
[Round "3"]
[Board "1"]
[White "Dobosz, Henryk"]
[Black "Klocker, Benedikt"]
[Result "1-0"]
[WhiteElo "2430"]
[BlackElo "2149"]
[PlyCount "81"]
[EventDate "2007.10.06"]
[EventType "team"]
[EventRounds "11"]
[EventCountry "AUT"]
[WhiteTeam "GOetzis"]
[BlackTeam "Dornbirn"]

1.d4 Nf6 2.Nf3 g6 3.c4 Bg7 4.Nc3 O-O 5.e4 d6 6.h3 Nc6 7.Bg5 e5 8.dxe5 dxe5
9.Qxd8 Nxd8 10.Bxf6 Bxf6 11.Nd5 Bg7 12.Nxc7 Rb8 13.Bd3 Ne6 14.Nxe6 Bxe6 15.b3
Rfd8 16.Rd1 Rd6 17.Ke2 Rbd8 18.Bc2 h6 19.Rxd6 Rxd6 20.Rd1 Rxd1 21.Bxd1 Kf8
22.Kd3 Ke7 23.b4 Kd7 24.Bb3 Kc7 25.Kc3 f5 26.Nd2 fxe4 27.Bc2 Bf5 28.Bxe4 Bxe4
29.Nxe4 b6 30.b5 Kd7 31.c5 bxc5 32.Nxc5+ Kd6 33.Kc4 h5 34.a4 Bh6 35.a5 Kc7
36.Ne6+ Kb7 37.Kc5 Bd2 38.a6+ Kc8 39.b6 axb6+ 40.Kc6 Kb8 41.Kxb6

[Event "2 Bundesliga West 2007/2008"]
[Site "Jenbach"]
[Date "2007.11.16"]
[Round "3"]
[Board "2"]
[White "Kanonier, Clemens"]
[Black "Eisenbeiser, Amadeus"]
[Result "0-1"]
[WhiteElo "2104"]
[BlackElo "2319"]
[PlyCount "40"]
[EventDate "2007.10.06"]
[EventType "team"]
[EventRounds "11"]
[EventCountry "AUT"]
[WhiteTeam "Dornbirn"]
[BlackTeam "GOetzis"]

1.e4 c5 2.Nf3 e6 3.Nc3 a6 4.d4 cxd4 5.Nxd4 Qc7 6.Bd3 Nf6 7.Qe2 d6 8.Be3 Nbd7
9.g4 Nc5 10.g5 Nfd7 11.O-O-O b5 12.f4 Nxd3+ 13.Rxd3 Nc5 14.f5 b4 15.Nd1 e5
16.Nf3 Nxd3+ 17.Qxd3 Bb7 18.Nf2 O-O-O 19.Ng4 d5 20.Nfxe5 f6

[Event "2 Bundesliga West 2007/2008"]
[Site "Jenbach"]
[Date "2007.11.16"]
[Round "3"]
[Board "3"]
[White "Schmidlechner, Alexander"]
[Black "Natter, Markus"]
[Result "1/2-1/2"]
[WhiteElo "2195"]
[BlackElo "2122"]
[PlyCount "129"]
[EventDate "2007.10.06"]
[EventType "team"]
[EventRounds "11"]
[EventCountry "AUT"]
[WhiteTeam "GOetzis"]
[BlackTeam "Dornbirn"]

1.d4 g6 2.c4 Bg7 3.Nc3 d6 4.e4 e5 5.Nf3 Nc6 6.d5 Nce7 7.Be2 f5 8.exf5 Nxf5 9.O-O
Nf6 10.Ng5 Qe7 11.Nce4 h6 12.Nxf6+ Qxf6 13.Ne4 Qh4 14.Bd3 O-O 15.Bd2 Nd4 16.f3
g5 17.Qe1 Qh5 18.Ng3 Qh4 19.Qe4 Qxe4 20.Bxe4 a5 21.h3 Bd7 22.Rac1 b6 23.Be3 Nf5
24.Bxf5 Bxf5 25.Ne4 Kh7 26.g4 Bg6 27.Kg2 Rf7 28.Rf2 Bf6 29.b3 Be7 30.a3 Kg7
31.Rc3 Bh7 32.Rb2 Bg6 33.Bf2 Bh7 34.Bg3 Bg6 35.Re2 Kg8 36.Rce3 Bf6 37.Be1 Be7
38.Bc3 Rf4 39.Re1 Bh7 40.b4 axb4 41.axb4 Rff8 42.Ra1 Rxa1 43.Bxa1 Ra8 44.Bb2 Ra2
45.Rb3 Bg6 46.Kf2 Be8 47.Nc3 Ra8 48.Ra3 Rxa3 49.Bxa3 Kf8 50.Bc1 Bg6 51.Ke3 Ke8
52.Ke2 Kd7 53.Be3 Bd8 54.Kd2 Be7 55.Ne2 Bf7 56.Nc3 Bg6 57.Bf2 Bf7 58.Ke3 Bg8
59.b5 Bh7 60.Ne4 Ke8 61.Ng3 Kf7 62.Nf5 Bxf5 63.gxf5 Kf6 64.Ke4 Bf8 65.Bg3

[Event "2 Bundesliga West 2007/2008"]
[Site "Jenbach"]
[Date "2007.11.16"]
[Round "3"]
[Board "4"]
[White "Gsteu, Peter"]
[Black "Wallis, Anton"]
[Result "1/2-1/2"]
[WhiteElo "2080"]
[BlackElo "2163"]
[PlyCount "55"]
[EventDate "2007.10.06"]
[EventType "team"]
[EventRounds "11"]
[EventCountry "AUT"]
[WhiteTeam "Dornbirn"]
[BlackTeam "GOetzis"]

1.d4 d5 2.c4 c6 3.Nc3 Nf6 4.Nf3 a6 5.e3 e6 6.Qc2 Nbd7 7.c5 Be7 8.Be2 O-O 9.O-O
b6 10.cxb6 c5 11.dxc5 Nxc5 12.b4 Ncd7 13.Na4 Nxb6 14.Nc5 Nbd7 15.Bb2 Qb6 16.Nxd7
Bxd7 17.a3 Rfc8 18.Qd2 Ne4 19.Qd4 Qxd4 20.Bxd4 f6 21.Rfc1 Bb5 22.Kf1 Kf7 23.Ke1
e5 24.Bb2 Ke6 25.Nd2 Bxe2 26.Kxe2 Nd6 27.Rxc8 Rxc8 28.Rc1

[Event "2 Bundesliga West 2007/2008"]
[Site "Jenbach"]
[Date "2007.11.16"]
[Round "3"]
[Board "5"]
[White "Kranz, Armin"]
[Black "Klocker, Daniel"]
[Result "1-0"]
[WhiteElo "2172"]
[BlackElo "2067"]
[PlyCount "53"]
[EventDate "2007.10.06"]
[EventType "team"]
[EventRounds "11"]
[EventCountry "AUT"]
[WhiteTeam "GOetzis"]
[BlackTeam "Dornbirn"]

1.d4 d5 2.Nf3 Nf6 3.c4 e6 4.g3 c6 5.Bg2 dxc4 6.Ne5 Bb4+ 7.Nc3 Nd5 8.Bd2 b5 9.O-O
Bb7 10.e4 Nxc3 11.bxc3 Ba3 12.Qg4 g6 13.Rab1 Nd7 14.Nxc4 bxc4 15.Rxb7 Nb6 16.d5
cxd5 17.exd5 O-O 18.h3 Re8 19.Qf4 f6 20.dxe6 Rxe6 21.Rxb6 Rxb6 22.Qxc4+ Kh8
23.Bxa8 Qxa8 24.Qf7 Qg8 25.Qxa7 Bc5 26.Qc7 Rb5 27.Qc6

[Event "2 Bundesliga West 2007/2008"]
[Site "Jenbach"]
[Date "2007.11.16"]
[Round "3"]
[Board "6"]
[White "Haertl, Siegfried"]
[Black "Flatz, Lothar"]
[Result "1/2-1/2"]
[WhiteElo "2040"]
[BlackElo "2156"]
[PlyCount "55"]
[EventDate "2007.10.06"]
[EventType "team"]
[EventRounds "11"]
[EventCountry "AUT"]
[WhiteTeam "Dornbirn"]
[BlackTeam "GOetzis"]

1.d4 g6 2.c4 Bg7 3.Nc3 d6 4.e4 Nf6 5.Nf3 O-O 6.Be2 e5 7.O-O Nc6 8.d5 Ne7 9.b4
Ne8 10.a4 f5 11.Ra3 Nf6 12.Qc2 fxe4 13.Nxe4 Nxe4 14.Qxe4 Bf5 15.Qh4 h5 16.Bg5
Rf7 17.Qg3 Qd7 18.Nh4 Kh7 19.Bxe7 Rxe7 20.Rf3 Bg4 21.Rc3 e4 22.Bxg4 hxg4 23.h3
g5 24.hxg4 gxh4 25.Qxh4+ Kg8 26.Rh3 Bd4 27.Rd1 Bb2 28.Rb1

[Event "2 Bundesliga West 2007/2008"]
[Site "Jenbach"]
[Date "2007.11.17"]
[Round "4"]
[Board "1"]
[White "Bayer, Bernhard"]
[Black "Blaskowski, Johannes"]
[Result "1/2-1/2"]
[WhiteElo "2367"]
[BlackElo "2328"]
[PlyCount "44"]
[EventDate "2007.10.06"]
[EventType "team"]
[EventRounds "11"]
[EventCountry "AUT"]
[WhiteTeam "Schwaz"]
[BlackTeam "WOergl"]

1.c4 Nf6 2.Nc3 d5 3.cxd5 Nxd5 4.Nf3 Nc6 5.g3 e5 6.d3 Be7 7.Bg2 Be6 8.O-O O-O
9.Bd2 Nxc3 10.bxc3 h6 11.Rb1 Rb8 12.Qc2 Qd7 13.Rfd1 f5 14.d4 e4 15.Ne1 Bc4
16.Bc1 Bd6 17.e3 Qf7 18.Rd2 g5 19.f3 f4 20.gxf4 gxf4 21.Rf2 fxe3 22.Bxe3 Qh5

[Event "2 Bundesliga West 2007/2008"]
[Site "Jenbach"]
[Date "2007.11.17"]
[Round "4"]
[Board "2"]
[White "Eybl, Alexander"]
[Black "Fuchs, Georg"]
[Result "1/2-1/2"]
[WhiteElo "2273"]
[BlackElo "2221"]
[PlyCount "46"]
[EventDate "2007.10.06"]
[EventType "team"]
[EventRounds "11"]
[EventCountry "AUT"]
[WhiteTeam "WOergl"]
[BlackTeam "Schwaz"]

1.Nf3 c5 2.e3 d5 3.Bb5+ Bd7 4.Bxd7+ Nxd7 5.d3 e5 6.e4 Ngf6 7.Nbd2 Qc7 8.O-O Be7
9.exd5 Nxd5 10.Re1 O-O-O 11.Nc4 f6 12.a4 N7b6 13.Nfd2 Nxc4 14.Nxc4 h5 15.a5 g5
16.a6 b6 17.Qf3 Qc6 18.Bd2 Nb4 19.Qf5+ Qd7 20.Qe4 Qd5 21.Qf5+ Qd7 22.Qe4 Qd5
23.Qf5+ Qd7

[Event "2 Bundesliga West 2007/2008"]
[Site "Jenbach"]
[Date "2007.11.17"]
[Round "4"]
[Board "3"]
[White "Gruber, Michael"]
[Black "Grundherr, Martin"]
[Result "0-1"]
[WhiteElo "2146"]
[BlackElo "2282"]
[PlyCount "54"]
[EventDate "2007.10.06"]
[EventType "team"]
[EventRounds "11"]
[EventCountry "AUT"]
[WhiteTeam "Schwaz"]
[BlackTeam "WOergl"]

1.e4 c6 2.d4 d5 3.e5 Bf5 4.Nf3 e6 5.Be2 Nd7 6.O-O Bg6 7.c3 Be7 8.b4 f6 9.Bf4 Nh6
10.Nbd2 O-O 11.Nb3 Be4 12.exf6 Rxf6 13.Bg5 Rg6 14.Bxe7 Qxe7 15.Nbd2 e5 16.Nxe4
dxe4 17.Ne1 exd4 18.Qxd4 Nf5 19.Qd2 Nf6 20.Rd1 e3 21.Bc4+ Kh8 22.fxe3 Nxe3
23.Qe2 Re8 24.Bd3 Nxd1 25.Qxd1 Qe3+ 26.Kh1 Ne4 27.Qd2 Ng3+

[Event "2 Bundesliga West 2007/2008"]
[Site "Jenbach"]
[Date "2007.11.17"]
[Round "4"]
[Board "4"]
[White "Bertagnolli, Alexander"]
[Black "Kondrak, Christof"]
[Result "1-0"]
[WhiteElo "2319"]
[BlackElo "2153"]
[PlyCount "107"]
[EventDate "2007.10.06"]
[EventType "team"]
[EventRounds "11"]
[EventCountry "AUT"]
[WhiteTeam "WOergl"]
[BlackTeam "Schwaz"]

1.e4 c5 2.Nf3 Nc6 3.d4 cxd4 4.Nxd4 a6 5.Nc3 e6 6.Be3 Nf6 7.Nxc6 bxc6 8.e5 Nd5
9.Nxd5 cxd5 10.Be2 d6 11.exd6 Bxd6 12.O-O Qc7 13.h3 O-O 14.c4 dxc4 15.Rc1 Bb7
16.Rxc4 Qb8 17.Qa4 Bd5 18.Rc2 Qb7 19.f3 a5 20.Rfc1 Rfb8 21.Bc4 Bxf3 22.gxf3 Qxf3
23.Bd4 Bf4 24.Rf1 Qg3+ 25.Rg2 Be3+ 26.Bxe3 Qxe3+ 27.Kh2 Rb4 28.Qd7 Qe5+ 29.Kh1
Rf8 30.b3 Rb6 31.Re2 Qg3 32.Qd3 Qxd3 33.Bxd3 f6 34.Rfe1 Kf7 35.Bc4 Re8 36.Rd1 f5
37.Re5 Kf6 38.Rxa5 g5 39.a4 h5 40.Ra7 f4 41.a5 Rbb8 42.a6 g4 43.Kg2 gxh3+
44.Kxh3 Rg8 45.Rh7 Rg3+ 46.Kh2 Rbg8 47.Re1 Kg6 48.Re7 Kg5 49.Bxe6 Rd8 50.Rd7
Rxd7 51.Bxd7 Rxb3 52.Ra1 Rb2+ 53.Kg1 f3 54.a7

[Event "2 Bundesliga West 2007/2008"]
[Site "Jenbach"]
[Date "2007.11.17"]
[Round "4"]
[Board "5"]
[White "Riedl, Johannes"]
[Black "Mittelberger, Peter"]
[Result "1/2-1/2"]
[WhiteElo "2142"]
[BlackElo "2232"]
[PlyCount "157"]
[EventDate "2007.10.06"]
[EventType "team"]
[EventRounds "11"]
[EventCountry "AUT"]
[WhiteTeam "Schwaz"]
[BlackTeam "WOergl"]

1.d4 g6 2.Nf3 Bg7 3.g3 Nf6 4.Bg2 O-O 5.O-O d6 6.c4 c6 7.Nc3 Bf5 8.Nh4 Bd7 9.e4
e5 10.d5 cxd5 11.exd5 Qc8 12.Qe2 Bg4 13.f3 Bh3 14.Be3 Bxg2 15.Nxg2 Nbd7 16.Nb5
Qb8 17.b4 Rc8 18.Rac1 a6 19.Nc3 Qc7 20.Ne4 b6 21.Ne1 a5 22.Nd3 axb4 23.Nxb4 Ra4
24.Nc6 Rca8 25.Nc3 R4a6 26.Nb5 Qb7 27.Nxd6 Qc7 28.Nb5 Qb7 29.Rc2 Bf8 30.Bg5 Re8
31.Qd2 Nh5 32.Bh6 Bc5+ 33.Kg2 Ng7 34.Be3 Bf8 35.Re1 Nf5 36.Bf2 Nd6 37.Qc3 f6
38.Rce2 Rea8 39.Qc2 Ra4 40.Nxd6 Bxd6 41.Qb1 Qa6 42.Rc1 Rxc4 43.Rxc4 Qxc4 44.Qe4
Qxe4 45.fxe4 f5 46.exf5 gxf5 47.Rb2 Ra6 48.Kh3 Kg7 49.Nd8 e4 50.Bd4+ Be5 51.Nc6
Bxd4 52.Nxd4 Kf6 53.Rf2 Ke5 54.Nxf5 Kxd5 55.Rd2+ Ke5 56.Ne3 Ke6 57.Kg4 Ra4
58.Kh5 Ra3 59.Ng2 Nf6+ 60.Kh6 Ke5 61.Nf4 e3 62.Rb2 Ra7 63.Kg5 Rg7+ 64.Kh4 Ke4
65.Rxb6 Nd5 66.Re6+ Kf5 67.Nxd5 Kxe6 68.Nxe3 Ra7 69.Ng2 Rxa2 70.Nf4+ Kf5 71.h3
Ra3 72.Nh5 Ra6 73.g4+ Ke4 74.Kg3 Ra3+ 75.Kh4 Rb3 76.g5 Kf5 77.Ng3+ Kg6 78.Kg4
Ra3 79.Nh5

[Event "2 Bundesliga West 2007/2008"]
[Site "Jenbach"]
[Date "2007.11.17"]
[Round "4"]
[Board "6"]
[White "Meier, Alexander"]
[Black "KOell,  Hannes"]
[Result "1/2-1/2"]
[WhiteElo "2142"]
[BlackElo "2119"]
[PlyCount "81"]
[EventDate "2007.10.06"]
[EventType "team"]
[EventRounds "11"]
[EventCountry "AUT"]
[WhiteTeam "WOergl"]
[BlackTeam "Schwaz"]

1.e4 g6 2.d4 Bg7 3.Nc3 c6 4.Be3 d5 5.f3 dxe4 6.fxe4 Nf6 7.Nf3 O-O 8.Be2 Nbd7
9.h3 Qa5 10.Qd2 c5 11.O-O cxd4 12.Nxd4 a6 13.Rad1 Qc7 14.Nd5 Nxd5 15.exd5 Ne5
16.c4 e6 17.dxe6 Bxe6 18.Nxe6 fxe6 19.Rxf8+ Rxf8 20.Qd6 Qxd6 21.Rxd6 Rc8 22.b3
Kf7 23.Rd1 Bf6 24.Kf2 Ke8 25.Bd4 Rd8 26.Ke3 Bg5+ 27.Ke4 Nc6 28.Bc3 Rxd1 29.Bxd1
Kd7 30.b4 Be7 31.Ba4 Kc7 32.Be5+ Nxe5 33.Kxe5 Bxb4 34.Kxe6 Bc3 35.Kf7 Kd6 36.Kg8
h5 37.Kh7 h4 38.Kxg6 Kc5 39.Bb3 b5 40.cxb5 axb5 41.Kg5

[Event "2 Bundesliga West 2007/2008"]
[Site "Jenbach"]
[Date "2007.11.17"]
[Round "4"]
[Board "1"]
[White "Medvegy, Zoltan"]
[Black "Bezold, Michael"]
[Result "1-0"]
[WhiteElo "2512"]
[BlackElo "2521"]
[PlyCount "289"]
[EventDate "2007.10.06"]
[EventType "team"]
[EventRounds "11"]
[EventCountry "AUT"]
[WhiteTeam "ATSV Ranshofen"]
[BlackTeam "Hohenems II"]

1.d4 Nf6 2.c4 c5 3.d5 e5 4.Nc3 d6 5.e4 Be7 6.g3 O-O 7.Bg2 Ne8 8.Nge2 Nc7 9.O-O
Bd7 10.a4 Nba6 11.Be3 Nb4 12.Qd2 a6 13.b3 Rb8 14.f4 Bf6 15.f5 b5 16.a5 h6 17.h4
Kh7 18.Nd1 Rh8 19.Nf2 Qf8 20.Ng4 Ne8 21.Rf2 Bd8 22.Nc3 Nf6 23.Nh2 h5 24.Bg5 bxc4
25.bxc4 Kg8 26.Bf3 Rh7 27.Qe2 Kh8 28.Ra3 Bc7 29.Rf1 Qc8 30.Bxf6 gxf6 31.Bxh5 Qd8
32.Rfa1 Qg8 33.Kf2 Qd8 34.Bf3 Kg7 35.Ng4 Rh8 36.Qd2 Qg8 37.Kg2 Bd8 38.Rb1 Be7
39.Kh3 Qd8 40.Rba1 Be8 41.Nd1 Bd7 42.Ndf2 Bc8 43.Kg2 Bd7 44.Rh1 Qg8 45.Be2 Bd8
46.Rd1 Bc7 47.Nh2 Kf8 48.Nf3 Ke7 49.g4 Qg7 50.Rg1 Rbg8 [50...Rhg8 51.Kf1 Ke8
52.Rg3] 51.Kf1 Ke8 52.Rg3 Rh7 53.Kg2 Bd8 54.Bd1 Kf8 55.Nd3 Qh6 56.Qxh6+ Rxh6
57.Nf2 Rgh8 58.Kf1 R6h7 59.Ke2 Bc8 60.Kd2 Bd7 61.Kc3 Bc8 62.Ra1 Bd7 63.Rg1 Bc8
64.Be2 Bd7 65.Rgb1 Ke7 66.Rh1 Kf8 67.Bd1 Bc8 68.Bb3 Rh6 69.Rhg1 R6h7 70.Rg3 Rg7
71.Kd2 Rgh7 72.Ke2 Rg7 73.Kf1 Rhg8 74.Ra3 Bb7 75.Bd1 Bc8 76.Kg2 Bb7 77.Ng1 Rh7
78.Rh3 Rgh8 79.Kg3 Bc8 80.Ne2 Rg7 81.Nc3 Ke7 82.Na4 Bd7 83.Nc3 Bc7 84.Kf3 Rgh7
85.h5 Rb8 86.Ke2 Kf8 87.Kd2 Kg7 88.Rg3 Bd8 89.Nh3 Kh6 90.Ne2 Rg7 91.Neg1 Rg8
92.Nf3 Rb7 93.Kc3 Rb8 94.Rg2 Rb7 95.Nh2 Rb8 96.Nf1 Rb7 97.Ne3 Kh7 98.Ba4 Bxa4
99.Rxa4 Be7 100.Ra1 Bd8 101.Rb2 Be7 102.Rg2 Bd8 103.Kd2 Be7 104.Ke2 Rbb8 105.Kd2
Bd8 106.Rf2 Rb7 107.Rff1 Rb8 108.Ra3 Rb7 109.Rb1 Be7 110.Rg1 Bd8 111.g5 fxg5
112.Ng4 f6 113.Nhf2 Be7 114.Rb1 Rgb8 115.Nd1 Kg7 116.h6+ Kf7 117.Nc3 Rh8 118.Na2
Rhb8 119.Nc3 Rh8 120.Na2 Rhb8 121.Nc1 Rh8 122.Ne2 Bf8 123.Rh1 Rh7 124.Ng3 Be7
125.Nh5 Rb8 126.Ng7 Rb7 127.Ne6 Rb8 128.Rb1 Rhh8 129.Rh3 Rh7 130.Rhb3 Rhh8
131.Kc3 Bd8 132.Nxd8+ Rhxd8 133.h7 Rh8 134.Rh1 Kg7 135.Rb2 Rxh7 136.Rxh7+ Kxh7
137.Rh2+ Kg7 138.Rh6 Rh8 139.Rg6+ Kf7 140.Rxf6+ Ke7 141.Re6+ Kd7 142.Nh6 Rh7
143.Rg6 g4 144.f6 Rh8 145.f7

[Event "2 Bundesliga West 2007/2008"]
[Site "Jenbach"]
[Date "2007.11.17"]
[Round "4"]
[Board "2"]
[White "Drabke, Lorenz"]
[Black "Dovzik, Juri"]
[Result "1/2-1/2"]
[WhiteElo "2425"]
[BlackElo "2381"]
[PlyCount "31"]
[EventDate "2007.10.06"]
[EventType "team"]
[EventRounds "11"]
[EventCountry "AUT"]
[WhiteTeam "Hohenems II"]
[BlackTeam "ATSV Ranshofen"]

1.e4 c5 2.Nf3 e6 3.d4 cxd4 4.Nxd4 Nc6 5.Nb5 d6 6.c4 Nf6 7.N1c3 a6 8.Na3 b6 9.Be3
Bb7 10.Be2 Be7 11.O-O Nb8 12.f3 Nbd7 13.Qd2 Qc7 14.Rfc1 O-O 15.Nc2 Rac8 16.Nd4

[Event "2 Bundesliga West 2007/2008"]
[Site "Jenbach"]
[Date "2007.11.17"]
[Round "4"]
[Board "3"]
[White "Zoister, Stefan"]
[Black "Amann, Guenter"]
[Result "1/2-1/2"]
[WhiteElo "2226"]
[BlackElo "2322"]
[PlyCount "38"]
[EventDate "2007.10.06"]
[EventType "team"]
[EventRounds "11"]
[EventCountry "AUT"]
[WhiteTeam "ATSV Ranshofen"]
[BlackTeam "Hohenems II"]

1.e4 c5 2.Nf3 e6 3.d4 cxd4 4.Nxd4 Nc6 5.Nc3 a6 6.Nxc6 bxc6 7.Bd3 d5 8.O-O Nf6
9.Qe2 Be7 10.b3 O-O 11.Bd2 Nd7 12.Na4 Ne5 13.Bc3 Nxd3 14.cxd3 c5 15.Qd2 dxe4
16.dxe4 Bb7 17.Qe3 Qc7 18.Rac1 Rac8 19.Bb2 Qc6

[Event "2 Bundesliga West 2007/2008"]
[Site "Jenbach"]
[Date "2007.11.17"]
[Round "4"]
[Board "4"]
[White "Grabher, Heinz"]
[Black "Webersberger, Johann"]
[Result "1/2-1/2"]
[WhiteElo "2258"]
[BlackElo "2236"]
[PlyCount "28"]
[EventDate "2007.10.06"]
[EventType "team"]
[EventRounds "11"]
[EventCountry "AUT"]
[WhiteTeam "Hohenems II"]
[BlackTeam "ATSV Ranshofen"]

1.e4 g6 2.d4 Bg7 3.Nc3 d6 4.f4 a6 5.Nf3 b5 6.Be3 Bb7 7.Bd3 Nd7 8.O-O c5 9.dxc5
Nxc5 10.Bxc5 dxc5 11.e5 Qb6 12.Be4 Bxe4 13.Nxe4 Nh6 14.Qe2 O-O